Представление документа в формате MARC21

Поле Инд. ПП Название Значение
Тип записи a
Библиографический уровень m
001 Контрольный номер RU/IS/BASE/623516789
005 Дата корректировки 20260211112625.3
020 c Цена, тираж 494-12
a ISBN 978-5-394-03233-2
040 b Код языка каталог. rus
e Правила каталог. PSBO
041 0_ a Код языка текста rus
084 a Индекс другой классификации/Индекс ББК 87
090 a Полочн. индекс 87
c Каталожный индекс 87
x Авторский знак В 65
097 b Оператор ; Кондратьева; Максимова; Сокова; Андреева
100 1_ a Автор Войтов А. Г.
q Полное имя Войтов Александр Георгиевич
245 10 a Заглавие Менталитет
b Продолж. заглавия идеи, идеальное, идеология, идеократия, идейность : монография
250 a Основные сведения об издании 3-е изд., перераб.
260 a Место издания Москва
b Издательство Дашков и К°
c Дата издания 2019
300 a Объем 392 с.
440 _0 a Серия Научные издания
653 0_ a Ключевые слова менталитет; идеология; идейность; наука и идеология; марксизм; диалектика; философия
900 a Имя макрообъекта о1511151
901 t Тип документа m